000 00973nam a22003137a 4500
001 7030
003 FISKH
005 20250619094709.0
008 250619b cb ||||| |||| 00| 0 eng d
020 _a9780590480765
040 _aFISKH
_beng
_cFISKH
_dFISKH
050 _aQC357 .B45
082 _a535
100 _aBerger, Melvin
245 _aAll about light /
_cby Melvin Berger : illustrated by Blanche Sims
250 _aFirst Scholastic printing,June 1995
260 _aNew York :
_bScholastic ,
_c1995.
300 _a32 unnumbered pages :
_bcolor illustrations ;
_c23 cm .
490 _aDo-It yourself science
505 _aJ
520 _aProvides children with simple explanations and experiments about light.
521 8 _a500
_bLexile estimate
521 8 _aJ
_bRaz-Plus
650 _aExperiments
_vNon-fiction
650 _aPhysics
_vNon-fiction
700 _aSims, Blanche
_eIllustrator
942 _2ddc
_cBK
_n0
999 _c7030
_d7030